000 00803nam a22002657a 4500
003 OSt
005 20260601171016.0
008 260508b1977\\\\enk\||||\||||\00|\0\eng\d
020 _a0080215009
040 _aICI
_bspa
_cICI
050 _aNK1520
_bB53 1977
100 1 _aBicknell, Julian.
_933954
245 1 _aDesign for need /
_cJulian Bicknell, Liz McQuiston.
260 _aLondon :
_bStudio Vista,
_c1977.
300 _a154 páginas :
_bilustraciones ;
650 _aDiseño industrial.
_915218
650 _aDiseño social.
_933955
650 _aDiseño funcional.
_933956
650 _aDiseño y tecnología.
650 _aInnovaciones tecnológicas.
650 _aNecesidades humanas.
_933959
650 _aDiseño aplicado.
_933960
700 1 _aMcQuiston, Liz.
_933961
942 _2lcc
_cB
_n1
999 _c20692
_d20692